ბათუმის შოთა რუსთაველის სახელმწიფო უნივერსიტეტის ბიბლიოთეკა

Справочник по водоснабжению и канализации. (ბიბ.ჩანაწერი № 50709)

000 -LEADER
fixed length control field 00748nam a2200217Ia 4500
001 - CONTROL NUMBER
control field 17660
003 - CONTROL NUMBER IDENTIFIER
control field GE_BSU
008 - FIXED-LENGTH DATA ELEMENTS--GENERAL INFORMATION
fixed length control field 181216s||||||||xx |||||||||||||| ||und||
040 ## - CATALOGING SOURCE
Transcribing agency GE_BSU
080 ## - UNIVERSAL DECIMAL CLASSIFICATION NUMBER
Universal Decimal Classification number 628.11(035.3)
100 ## - MAIN ENTRY--PERSONAL NAME
Personal name Аграномик,Е.З. Белов,А.М. Гладков,А.М. и др.
245 ## - TITLE STATEMENT
Title Справочник по водоснабжению и канализации.
245 ## - TITLE STATEMENT
Statement of responsibility, etc. Под ред. М.Ф.Федорова.
250 ## - EDITION STATEMENT
Edition statement Второе изд. исправл. и дополн.
260 ## - PUBLICATION, DISTRIBUTION, ETC.
Place of publication, distribution, etc. Л.
260 ## - PUBLICATION, DISTRIBUTION, ETC.
Name of publisher, distributor, etc. Госстройиздат.
260 ## - PUBLICATION, DISTRIBUTION, ETC.
Date of publication, distribution, etc. 1960.
300 ## - PHYSICAL DESCRIPTION
Extent 416 стр. 21 см.
653 ## - INDEX TERM--UNCONTROLLED
Uncontrolled term Справочник по водоснабжению и канализации.
942 ## - ADDED ENTRY ELEMENTS (KOHA)
Koha item type წიგნი
ეგზემპლარები
Withdrawn status Lost status Damaged status Not for loan Date acquired Barcode Date last seen Price effective from Koha item type
        2018-12-17 10260 2018-12-17 2018-12-17 წიგნი